000 00542cam a22002291 4500
001 sa 67007279
003 DLC
005 20260227112414.0
008 950217s1963 ii 000 0 tamo
010 _asa 67007279
025 _aPL480:I-T-1646
035 _a(OCoLC)32009692
040 _aDLC
_cCU
_dCU
_dDLC
042 _apremarc
050 0 0 _aPL4758.9.V29
_bN5
100 0 _aVācavan̲,
_d1927-
245 1 0 _aNīti pil̲aittatu.
260 _c[1963]
300 _a168 p.
_c18 cm.
500 _aIn Tamil.
740 0 _aKātal vilās.
999 _c76483
_d76483